Batman versus the joker / (Record no. 3202)

MARC details
000 -LEADER
fixed length control field 00983cam a2200289 a 4500
005 - DATE AND TIME OF LATEST TRANSACTION
control field 20260311082437.0
020 ## - INTERNATIONAL STANDARD BOOK NUMBER
International Standard Book Number 9780061561887
040 ## - CATALOGING SOURCE
Original cataloging agency DLC
Transcribing agency DLC
Language of cataloging eng
050 00 - LIBRARY OF CONGRESS CALL NUMBER
Classification number PZ7.R2175
Item number 2008
082 00 - DEWEY DECIMAL CLASSIFICATION NUMBER
Classification number 560
100 1# - MAIN ENTRY--PERSONAL NAME
Personal name Raymond, N.T
245 10 - TITLE STATEMENT
Title Batman versus the joker /
Statement of responsibility, etc. adapted by N.T. Raymond ; pencils by Stewart, Cameron ; digital paints by McCaig, Dave
250 ## - EDITION STATEMENT
Edition statement First Edition
260 ## - PUBLICATION, DISTRIBUTION, ETC.
Place of publication, distribution, etc. New York :
Name of publisher, distributor, etc. HarperEntertainment,
Date of publication, distribution, etc. 2008
300 ## - PHYSICAL DESCRIPTION
Extent 24 unnumbered pages :
Other physical details color illustrations ;
Dimensions 21 cm.
490 0# - SERIES STATEMENT
Series statement The Dark knight
505 ## - FORMATTED CONTENTS NOTE
Formatted contents note E <br/>
520 ## - SUMMARY, ETC.
Summary, etc. When the Joker robs Gotham's First National Bank, Batman pursues him through crowded city streets and fights him in a toy store.
521 ## - TARGET AUDIENCE NOTE
Target audience note 270 <br/>
Source Lexile <br/>
521 ## - TARGET AUDIENCE NOTE
Target audience note E <br/>
Source Raz-Plus <br/>
650 ## - SUBJECT ADDED ENTRY--TOPICAL TERM
Topical term or geographic name entry element batman
Form subdivision fiction
700 1# - ADDED ENTRY--PERSONAL NAME
Personal name Stewart, Cameron
Dates associated with a name 1976?-
700 1# - ADDED ENTRY--PERSONAL NAME
Personal name McCaig, Dave
906 ## - LOCAL DATA ELEMENT F, LDF (RLIN)
a 7
b cbc
c orignew
d 2
e epcn
f 20
g y-gencatlg
942 ## - ADDED ENTRY ELEMENTS (KOHA)
Source of classification or shelving scheme Dewey Decimal Classification
Koha item type Books
Suppress in OPAC No
999 ## -
-- 3202
-- 3202
Holdings
Withdrawn status Lost status Source of classification or shelving scheme Damaged status Not for loan Collection Home library Current library Shelving location Date acquired Total Checkouts Full call number Barcode Date due Date last seen Date last checked out Price effective from Koha item type
    Dewey Decimal Classification     Fiction Footprints International School Library Network Toul Tom Poung Campus Footprints International School Library Network Toul Tom Poung Campus TTP Primary Green Bookshelves 02/19/2024 4 RAY 560 PZ7.R2175 FISTK00860 12/10/2025 11/26/2025 11/26/2025 02/19/2024 Books